000 00956nam a2200289 a 4500
001 24974
003 CO-ViMGA
008 141112s2004 ck r 000 u spa d
020 _a9789588445748
040 _aCO-ViMGA
_bspa
_cCO-ViMGA
041 _aSPA
090 _aA JOC1
100 1 _aJocelyn, Marthe
_937733
245 1 0 _aEncima debajo /
_ctexto Marthe Jocelyn ; ilustraciones Tom Slaughter ; traducción María Luisa Valdivia Dounce
250 _a1a ed.
260 _aBogotá :
_bTecolote,
_c2012
300 _a21 p. : il. col.
500 _aTítulo original : Over under
650 1 4 _aANIMALES - LIBROS DE IMAGENES
_937734
650 1 4 _aCONOCIMIENTO DEL ENTORNO - LIBROS DE IMAGENES
_937735
650 1 4 _aCONTRARIOS - LIBROS DE IMAGENES
_937736
650 1 4 _aDESDE LOS 3 AÑOS
_937737
650 1 4 _aTAMAÑOS - LIBROS DE IMAGENES
_937738
700 1 _aSlaughter, Tom
_937739
700 1 _aValdivia, María Luisa
_937740
942 _2ddc
_cBK
999 _c2526
_d2526